Animaniacs Theme Song Lyrics - Statistics

General Stats
  • This quiz has been taken 44 times
  • The average score is 59 of 157
Answer Stats
Answer % Correct
It's
93%
Animaniacs
89%
for
89%
time
89%
and
71%
we're
71%
max
68%
so
68%
the
68%
to
68%
and
64%
back
64%
just
64%
relax
64%
sit
64%
zany
64%
Animaniacs
61%
laugh
61%
you'll
61%
we're
57%
you
57%
and
54%
Brothers
54%
collapse
54%
come
54%
Dot
54%
join
54%
just
54%
Sister
54%
the
54%
the
54%
till
54%
Warner
54%
Warner
54%
we
54%
around
50%
run
50%
the
50%
for
46%
fun
46%
caught
43%
get
43%
in
43%
lock
43%
lot
43%
the
43%
they
43%
tower
43%
us
43%
we
43%
whenever
43%
and
39%
and
39%
Animaniacs
39%
break
39%
but
39%
know
39%
loose
39%
movie
39%
now
39%
plot
39%
the
39%
then
39%
vamoose
39%
we
39%
you
39%
and
36%
and
36%
Animaniacs
36%
Brain
36%
cute
36%
Dot
36%
is
36%
Pinky
36%
The
36%
Wakko
36%
we're
36%
Yakko
36%
yaks
36%
away
32%
Bill
32%
Clinton
32%
packs
32%
plays
32%
rule
32%
sax
32%
snacks
32%
the
32%
the
32%
the
32%
universe
32%
want
32%
we're
32%
while
32%
who
32%
animaniacs
29%
facts
29%
flock
29%
Goodfeathers
29%
her
29%
meet
29%
purse
29%
Slappy
29%
them
29%
to
29%
together
29%
whacks
29%
with
29%
a
25%
are
25%
bother
25%
Buttons
25%
chases
25%
contracts
25%
have
25%
max
25%
Mindy
25%
or
25%
pay
25%
play
25%
rehearse
25%
sings
25%
the
25%
the
25%
those
25%
to
25%
to
25%
verse
25%
we
25%
we're
25%
why
25%
zany
25%
and
21%
Animaniacs
21%
have
21%
in
21%
no
21%
our
21%
script
21%
slacks
21%
the
21%
we
21%
we're
21%
we're
21%
writers
21%
animany
18%
baloney
18%
flipped
18%
here's
18%
insany
18%
there's
18%
totally
18%
warners
18%
namey
14%
show's
14%
the
14%
Rida
4%
No matching quizzes found
Score Distribution
Percent of People with Each Score
Percentile by Number Answered
Your Score History
You have not taken this quiz